[Event "Collado Villalba op-B 36th"]
[Site "Collado Villalba"]
[Date "2019.08.27"]
[Round "5"]
[White "Martinez Martinez, Antonio"]
[Black "Buergo Villanueva, Fernando"]
[Result "1-0"]
[WhiteElo "1393"]
[BlackElo "1282"]
[PlyCount "81"]
[EventDate "2019.08.23"]
[EventType "swiss"]
[EventRounds "9"]
[EventCountry "ESP"]
[SourceTitle "CBM 192 Extra"]
[Source "Chessbase"]
[SourceDate "2019.11.06"]
[SourceVersion "1"]
[SourceVersionDate "2019.11.06"]
[SourceQuality "1"]

1. e4 e5 2. Nf3 Nc6 3. Bc4 h6 4. a3 Nf6 5. d3 Nd4 6. Nxe5 d5 7. exd5 Qd6 8. Bf4 Qe7 9. 0-0 g5 10. Bg3 Bg7 11. Re1 0-0 12. Ng6 Qd8 13. Nxf8 Kxf8 14. Be5 c5 15. Bxf6 Bxf6 16. g4 a6 17. c3 b5 18. Ba2 Nf5 19. gxf5 Bxf5 20. Qf3 Qd7 21. d6 Rc8 22. Qg3 Rc6 23. Nd2 Rxd6 24. Re3 c4 25. d4 h5 26. Rae1 Kg7 27. Bb1 Bh3 28. Qxh3 Qxh3 29. Rxh3 g4 30. Rxh5 Bd8 31. Re8 Bc7 32. Rh7+ Kf6 33. Rh6+ Kg7 34. Rxd6 Bxd6 35. Ne4 Bf4 36. Ra8 Bc1 37. Rxa6 Bxb2 38. d5 Kf8 39. d6 Bc1 40. Ra8+ Kg7 41. d7 1-0

[Event "Madrid Chamartin op 7th"]
[Site "Madrid"]
[Date "2018.09.04"]
[Round "3"]
[White "Martin Rodriguez, Jose Luis"]
[Black "Martinez Martinez, Antonio"]
[Result "1/2-1/2"]
[WhiteElo "1243"]
[BlackElo "1393"]
[PlyCount "85"]
[EventDate "2018.09.03"]
[EventType "swiss"]
[EventRounds "9"]
[EventCountry "ESP"]
[SourceTitle "CBM 187 Extra"]
[Source "ChessBase"]
[SourceDate "2018.11.04"]
[SourceVersion "1"]
[SourceVersionDate "2018.11.04"]
[SourceQuality "1"]

1. c4 g6 2. Nc3 d6 3. Nf3 c6 4. d4 Bg7 5. g3 Nf6 6. Bg2 Bg4 7. Bg5 Qb6 8. Qd2 h6 9. Be3 a5 10. Qc2 Na6 11. 0-0 0-0 12. Rfd1 c5 13. d5 e6 14. Qc1 Kh7 15. h3 Bxf3 16. Bxf3 Rae8 17. Rb1 e5 18. Ne4 Nd7 19. a3 f5 20. Nc3 e4 21. Bg2 Nc7 22. Qc2 g5 23. Bc1 Ne5 24. b3 Qa6 25. f4 exf3 26. exf3 b5 27. g4 Kg6 28. f4 gxf4 29. Bxf4 bxc4 30. gxf5+ Kf6 31. Ne4+ Ke7 32. Rf1 Nxd5 33. Bg3 Ne3 34. Qe2 Nxf1 35. Rxf1 Bf6 36. Rc1 Qb6 37. bxc4 Rb8 38. Qd2 Rbd8 39. Qxh6 Rh8 40. Qxf6+ Kd7 41. Qe6+ Kc7 42. Qd5 Qb7 43. Qd1 1/2-1/2

[Event "Collado Villalba op-B 35th"]
[Site "Collado Villalba"]
[Date "2018.08.29"]
[Round "6"]
[White "Martinez Martinez, Antonio"]
[Black "Munoz Bastida, Diego"]
[Result "1-0"]
[WhiteElo "1480"]
[BlackElo "1083"]
[PlyCount "75"]
[EventDate "2018.08.24"]
[EventType "swiss"]
[EventRounds "9"]
[EventCountry "ESP"]
[SourceTitle "CBM 186 Extra"]
[Source "ChessBase"]
[SourceDate "2018.08.24"]
[SourceVersion "1"]
[SourceVersionDate "2018.08.24"]
[SourceQuality "1"]

1. e4 c6 2. Nf3 d5 3. d3 Nf6 4. e5 Nh5 5. h3 e6 6. g4 Be7 7. gxh5 Nd7 8. d4 0-0 9. Rg1 f6 10. Bh6 Rf7 11. Bd3 Nf8 12. Nh2 fxe5 13. dxe5 Bb4+ 14. c3 Qh4 15. Nf3 Qxh5 16. Bxg7 Rxg7 17. Rxg7+ Kxg7 18. cxb4 Qxh3 19. Nbd2 Nd7 20. Qe2 c5 21. a3 c4 22. Bc2 b5 23. 0-0-0 Kh8 24. Ng5 Qg2 25. Ndf3 d4 26. Rg1 d3 27. Bxd3 cxd3 28. Qd2 Qxg1+ 29. Nxg1 h6 30. Nf7+ Kg7 31. Nxh6 Nf8 32. Qg5+ Ng6 33. Nf3 Bb7 34. Nh4 Be4 35. f3 Rc8+ 36. Kd1 Bxf3+ 37. Nxf3 Rf8 38. Nh4 1-0

[Event "Collado Villalba op-B 35th"]
[Site "Collado Villalba"]
[Date "2018.08.28"]
[Round "5"]
[White "Rapaport, Andres Natalio"]
[Black "Martinez Martinez, Antonio"]
[Result "1-0"]
[WhiteElo "1277"]
[BlackElo "1480"]
[PlyCount "97"]
[EventDate "2018.08.24"]
[EventType "swiss"]
[EventRounds "9"]
[EventCountry "ESP"]
[SourceTitle "CBM 186 Extra"]
[Source "ChessBase"]
[SourceDate "2018.08.24"]
[SourceVersion "1"]
[SourceVersionDate "2018.08.24"]
[SourceQuality "1"]

1. d4 g6 2. Bf4 d6 3. Nf3 c6 4. e3 Bg4 5. Be2 Nf6 6. Nbd2 Bg7 7. 0-0 Nbd7 8. h3 Be6 9. Bd3 d5 10. Ng5 Nf8 11. Ndf3 Bd7 12. Ne5 Be6 13. Rc1 Nh5 14. Nxe6 Nxe6 15. Bh2 0-0 16. Be2 Nf6 17. c4 dxc4 18. Rxc4 Qb6 19. Rc2 Qd8 20. Qd3 Nd5 21. Qb3 f6 22. Nf3 Qd7 23. Rfc1 a5 24. Bc4 a4 25. Qa3 b5 26. Bxd5 cxd5 27. Qc3 f5 28. Ne5 Bxe5 29. Bxe5 Ra7 30. b3 axb3 31. Qxb3 Rfa8 32. Rb1 Rb7 33. a3 Raa7 34. Rbc1 Ra8 35. Qc3 Rba7 36. Qc6 Qxc6 37. Rxc6 Kf7 38. Rb6 Nc7 39. Bxc7 Rxa3 40. Rxb5 Rc8 41. Rb8 Rxb8 42. Bxb8 Rb3 43. Be5 Ke6 44. g4 fxg4 45. hxg4 Kd7 46. Rc7+ Kd8 47. Kg2 Rb2 48. Rc5 e6 49. Rc7 1-0

[Event "Madrid Chamartin op 6th"]
[Site "Madrid"]
[Date "2017.09.10"]
[Round "9"]
[White "Campo Garcia, Carlos"]
[Black "Martinez Martinez, Antonio"]
[Result "1-0"]
[WhiteElo "1784"]
[BlackElo "1525"]
[PlyCount "81"]
[EventDate "2017.09.04"]
[EventType "swiss"]
[EventRounds "9"]
[EventCountry "ESP"]
[SourceTitle "CBM 180 Extra"]
[Source "ChessBase"]
[SourceDate "2017.10.06"]
[SourceVersion "1"]
[SourceVersionDate "2017.10.06"]
[SourceQuality "1"]

1. d4 g6 2. c4 d6 3. Nc3 c6 4. e4 Bg7 5. Nf3 Bg4 6. Be2 Bxf3 7. Bxf3 Qb6 8. Ne2 Qb4+ 9. Bd2 Qxc4 10. Bc3 Nf6 11. 0-0 Qe6 12. Qd3 Na6 13. Rfe1 0-0 14. Nf4 Qd7 15. a3 e5 16. Ne2 exd4 17. Bxd4 c5 18. Be3 Rac8 19. Rac1 b5 20. b3 Nc7 21. Red1 Rfd8 22. Bf4 Nce8 23. Rd2 h6 24. h4 Rc7 25. Rcd1 c4 26. bxc4 bxc4 27. Qe3 Kh7 28. e5 Ng8 29. exd6 Rcc8 30. Nc3 f6 31. Rd5 g5 32. hxg5 fxg5 33. Bh2 Ngf6 34. Ra5 Ng4 35. Qe4+ Kh8 36. Bxg4 Qc6 37. Bxc8 Qb6 38. Rb5 Nf6 39. Qxc4 Rxd6 40. Rxd6 Qxd6 41. Bxd6 1-0

[Event "Madrid Chamartin op 6th"]
[Site "Madrid"]
[Date "2017.09.07"]
[Round "6"]
[White "Martinez Martinez, Antonio"]
[Black "Martin Rodriguez, Jose Luis"]
[Result "1-0"]
[WhiteElo "1525"]
[BlackElo "1291"]
[PlyCount "69"]
[EventDate "2017.09.04"]
[EventType "swiss"]
[EventRounds "9"]
[EventCountry "ESP"]
[SourceTitle "CBM 180 Extra"]
[Source "ChessBase"]
[SourceDate "2017.10.06"]
[SourceVersion "1"]
[SourceVersionDate "2017.10.06"]
[SourceQuality "1"]

1. e4 e6 2. Nf3 Nc6 3. Nc3 b6 4. d4 d5 5. exd5 exd5 6. Bb5 Bb7 7. Qe2+ Nge7 8. Ne5 Qd6 9. 0-0 Qe6 10. Qf3 a6 11. Bxc6+ Bxc6 12. Bf4 0-0-0 13. Rfe1 Ng6 14. Bg3 Re8 15. h4 Re7 16. Nxc6 Qxc6 17. Rxe7 Nxe7 18. Qxf7 Qd7 19. Re1 Kd8 20. h5 Nc6 21. Bh4+ Be7 22. Bxe7+ Nxe7 23. Re5 c6 24. Ne2 Rg8 25. Rxe7 Qxe7 26. Qxg8+ Kd7 27. Ng3 Qg5 28. Qf7+ Kd8 29. Qf8+ Kd7 30. Qf5+ Qxf5 31. Nxf5 g6 32. hxg6 hxg6 33. Nh4 g5 34. Nf3 g4 35. Ne5+ 1-0

[Event "Madrid Chamartin op 6th"]
[Site "Madrid"]
[Date "2017.09.05"]
[Round "3"]
[White "Centeno Mateos, Domingo"]
[Black "Martinez Martinez, Antonio"]
[Result "1-0"]
[WhiteElo "1349"]
[BlackElo "1525"]
[PlyCount "101"]
[EventDate "2017.09.04"]
[EventType "swiss"]
[EventRounds "9"]
[EventCountry "ESP"]
[SourceTitle "CBM 180 Extra"]
[Source "ChessBase"]
[SourceDate "2017.10.06"]
[SourceVersion "1"]
[SourceVersionDate "2017.10.06"]
[SourceQuality "1"]

1. d4 g6 2. c4 d6 3. Nc3 c6 4. Nf3 Bg7 5. Bf4 Bg4 6. e4 Bxf3 7. gxf3 Qb6 8. Na4 Qxd4 9. Qxd4 Bxd4 10. Rd1 Bg7 11. Be2 Nd7 12. h4 h6 13. Bg3 a6 14. Kd2 b5 15. Nc3 Nb6 16. b3 Nf6 17. Rhe1 Nfd7 18. Kc2 0-0 19. f4 h5 20. f3 b4 21. Nb1 c5 22. a4 Kh8 23. Bd3 Bd4 24. f5 gxf5 25. exf5 Rae8 26. Nd2 Bc3 27. Rg1 Bd4 28. Rg2 d5 29. Be5+ Kh7 30. f6+ Kh8 31. fxe7+ Bxe5 32. exf8Q+ Nxf8 33. Rg5 Bd4 34. Rxh5+ Kg7 35. Rg5+ Kh6 36. cxd5 Rd8 37. Be4 Nbd7 38. f4 Nf6 39. Bf3 Be3 40. Rf5 Kg6 41. Re5 Bxf4 42. Rg1+ Kh6 43. Rf5 Bxd2 44. Rxf6+ Ng6 45. Kxd2 Kg7 46. Rxa6 Kf8 47. h5 Ne5 48. Be4 Nd7 49. h6 Ke7 50. h7 Nf6 51. Rxf6 1-0

[Event "Collado Villalba op-B 34th"]
[Site "Collado Villalba"]
[Date "2017.08.25"]
[Round "4"]
[White "Andrade Sandoval, Marian"]
[Black "Martinez Martinez, Antonio"]
[Result "0-1"]
[WhiteElo "1222"]
[BlackElo "1525"]
[PlyCount "67"]
[EventDate "2017.08.22"]
[EventType "swiss"]
[EventRounds "9"]
[EventCountry "ESP"]
[SourceTitle "CBM 180 Extra"]
[Source "ChessBase"]
[SourceDate "2017.10.06"]
[SourceVersion "1"]
[SourceVersionDate "2017.10.06"]
[SourceQuality "1"]

1. d4 g6 2. Nf3 d6 3. Bf4 Bg7 4. e3 a6 5. Be2 c6 6. c4 Qa5+ 7. Nc3 Nf6 8. a3 h6 9. b4 Qd8 10. c5 g5 11. Bg3 d5 12. h3 Nbd7 13. e4 dxe4 14. Nd2 Nd5 15. Nxd5 cxd5 16. Nb3 Nf6 17. a4 Bd7 18. Na5 Qc8 19. Rc1 0-0 20. 0-0 Nh7 21. Qc2 f5 22. c6 bxc6 23. Nxc6 Bxc6 24. Qxc6 Qxc6 25. Rxc6 f4 26. Bh2 Rab8 27. Rxa6 Rxb4 28. a5 Rxd4 29. Ra7 Rd2 30. Bb5 Rb8 31. Rb1 Kf7 32. a6 Ra2 33. h4 Rxb5 34. Rb7 0-1

[Event "Collado Villalba op-B 32nd"]
[Site "Collado Villalba"]
[Date "2015.08.28"]
[Round "7"]
[White "Jimenez Jimenez, Darfo"]
[Black "Martinez Martinez, Antonio"]
[Result "1-0"]
[WhiteElo "1686"]
[BlackElo "1580"]
[PlyCount "117"]
[EventDate "2015.08.22"]
[EventType "swiss"]
[EventRounds "9"]
[EventCountry "ESP"]
[SourceTitle "EXT 2016"]
[Source "ChessBase"]
[SourceDate "2015.10.08"]
[SourceVersion "1"]
[SourceVersionDate "2015.10.08"]
[SourceQuality "1"]

1. e4 g6 2. d4 d6 3. Nc3 c6 4. Be3 Bg7 5. h4 h5 6. Bd3 Bg4 7. f3 Bd7 8. g4 hxg4 9. fxg4 e5 10. d5 Rxh4 11. Rxh4 Qxh4+ 12. Bf2 Qxg4 13. Be2 Qg5 14. Qd3 c5 15. Nf3 Qd8 16. 0-0-0 a6 17. Rh1 f5 18. exf5 Bxf5 19. Ne4 Nf6 20. Nfg5 Qe7 21. Nxf6+ Bxf6 22. Ne4 Nd7 23. Bf3 0-0-0 24. Qb3 Bxe4 25. Bxe4 g5 26. Rh7 Qf8 27. Bf5 Bg7 28. Qh3 Kc7 29. Be3 Nf6 30. Bxg5 Nxh7 31. Bxd8+ Kxd8 32. Qxh7 Qh8 33. c4 Qxh7 34. Bxh7 a5 35. Kc2 Ke7 36. b3 Kf6 37. Kd3 Kg5 38. Ke4 Kg4 39. Bf5+ Kg3 40. Bg6 Kf2 41. Bh5 Ke1 42. Kf5 Kd2 43. Ke6 Bf8 44. Kf7 Bh6 45. Ke7 e4 46. Kxd6 Bf4+ 47. Kxc5 Kc3 48. d6 Kb2 49. Kb5 Kxa2 50. Kxa5 Kxb3 51. c5 Kc4 52. Kb6 Kd5 53. Bf7+ Ke5 54. Kxb7 e3 55. d7 Bg5 56. Bh5 Ke6 57. c6 Bd8 58. c7 Kxd7 59. c8Q+ 1-0

[Event "Collado Villalba op-B 32nd"]
[Site "Collado Villalba"]
[Date "2015.08.27"]
[Round "6"]
[White "Alvarez Gonzalez, Eduardo"]
[Black "Martinez Martinez, Antonio"]
[Result "1-0"]
[WhiteElo "1805"]
[BlackElo "1580"]
[PlyCount "45"]
[EventDate "2015.08.22"]
[EventType "swiss"]
[EventRounds "9"]
[EventCountry "ESP"]
[SourceTitle "EXT 2016"]
[Source "ChessBase"]
[SourceDate "2015.10.08"]
[SourceVersion "1"]
[SourceVersionDate "2015.10.08"]
[SourceQuality "1"]

1. d4 g6 2. Nf3 d6 3. c4 c6 4. Nc3 Bg7 5. Bf4 Bg4 6. e3 Qb6 7. Rb1 Nf6 8. Be2 h6 9. h3 Be6 10. Qc2 Nbd7 11. 0-0 g5 12. Bh2 g4 13. hxg4 Bxg4 14. Rfd1 0-0-0 15. b4 Rdg8 16. c5 Qd8 17. cxd6 e6 18. b5 c5 19. dxc5 Nxc5 20. Na4 b6 21. Nxc5 Kb8 22. Na6+ Kb7 23. Qc6# 1-0

[Event "Collado Villalba op-B 32nd"]
[Site "Collado Villalba"]
[Date "2015.08.26"]
[Round "5"]
[White "Martinez Martinez, Antonio"]
[Black "Tronch Ilzarbe, Carlos Maria"]
[Result "1-0"]
[WhiteElo "1580"]
[BlackElo "1761"]
[PlyCount "101"]
[EventDate "2015.08.22"]
[EventType "swiss"]
[EventRounds "9"]
[EventCountry "ESP"]
[SourceTitle "EXT 2016"]
[Source "ChessBase"]
[SourceDate "2015.10.08"]
[SourceVersion "1"]
[SourceVersionDate "2015.10.08"]
[SourceQuality "1"]

1. e4 c5 2. c4 Nc6 3. Nf3 g6 4. Nc3 Bg7 5. d3 d6 6. h3 a6 7. a4 e5 8. Bg5 Bf6 9. Bd2 Nb4 10. a5 Ne7 11. Be2 Nec6 12. Nd5 Nxd5 13. cxd5 Ne7 14. Bh6 Ng8 15. Qd2 Bd7 16. Bg5 Bxg5 17. Nxg5 h6 18. Nf3 Nf6 19. b4 c4 20. dxc4 Nxe4 21. Qe3 Ng5 22. c5 Qf6 23. Nd2 e4 24. 0-0 0-0 25. h4 Nf3+ 26. gxf3 Qxh4 27. fxe4 Bh3 28. Rfc1 f5 29. Qg3 Qf6 30. Qxh3 Qg5+ 31. Qg3 Qxd2 32. Qxg6+ Kh8 33. Kf1 fxe4 34. Qxe4 Rae8 35. Qd3 Qf4 36. f3 Re3 37. Rc4 Qe5 38. Qd4 Rxe2 39. Qxe5+ Rxe5 40. cxd6 Rxd5 41. Rc7 Rxd6 42. Rxb7 Rxf3+ 43. Kg2 Rff6 44. Rc1 Rd8 45. Rb6 Rg8+ 46. Kh3 Rgg6 47. Rc8+ Kg7 48. Rc7+ Rf7 49. Rxf7+ Kxf7 50. Rxg6 Kxg6 51. b5 1-0

[Event "Collado Villalba op-B 32nd"]
[Site "Collado Villalba"]
[Date "2015.08.25"]
[Round "4"]
[White "Lianes Garcia, Alicia"]
[Black "Martinez Martinez, Antonio"]
[Result "0-1"]
[WhiteElo "1277"]
[BlackElo "1580"]
[PlyCount "118"]
[EventDate "2015.08.22"]
[EventType "swiss"]
[EventRounds "9"]
[EventCountry "ESP"]
[SourceTitle "EXT 2016"]
[Source "ChessBase"]
[SourceDate "2015.10.08"]
[SourceVersion "1"]
[SourceVersionDate "2015.10.08"]
[SourceQuality "1"]

1. e4 g6 2. d4 d6 3. Nc3 c6 4. Be3 Bg7 5. h3 Nf6 6. Nf3 Qa5 7. Qd2 Qc7 8. Bd3 b5 9. a3 Bb7 10. 0-0 a5 11. b4 axb4 12. axb4 0-0 13. Bh6 Nbd7 14. Bxg7 Kxg7 15. Qc1 Qb6 16. Qb2 e6 17. Ra2 Rxa2 18. Qxa2 Nb8 19. Ra1 Na6 20. Qa3 Ra8 21. e5 dxe5 22. dxe5 Nh5 23. g3 Nxg3 24. Qa5 Qxa5 25. Rxa5 Nh5 26. Na2 Nf4 27. Bf1 Nd5 28. c3 Rd8 29. Ra3 Nf4 30. c4 Rd1 31. Nc3 Rc1 32. cxb5 cxb5 33. Nxb5 Nxh3+ 34. Kg2 Nf4+ 35. Kg1 Nxb4 36. Ra4 Bxf3 37. Rxb4 Nd3 38. Rb3 Be2 39. Nd4 Bxf1 40. Rb7 Bh3+ 41. Kh2 Bf5 42. Nxf5+ gxf5 43. Rb3 Nxe5 44. Rg3+ Kf6 45. Rh3 Ng4+ 46. Kg2 Kg6 47. Rg3 Rc2 48. Kf1 Rxf2+ 49. Kg1 Ra2 50. Kf1 e5 51. Ke1 e4 52. Kf1 e3 53. Ke1 h5 54. Rh3 f4 55. Rf3 Kg5 56. Kd1 Kf5 57. Ke1 Ke4 58. Rh3 f3 59. Rxh5 Ra1# 0-1

[Event "Collado Villalba op-B 32nd"]
[Site "Collado Villalba"]
[Date "2015.08.23"]
[Round "2"]
[White "Buergo Villanueva, Fernando"]
[Black "Martinez Martinez, Antonio"]
[Result "0-1"]
[WhiteElo "1308"]
[BlackElo "1580"]
[PlyCount "116"]
[EventDate "2015.08.22"]
[EventType "swiss"]
[EventRounds "9"]
[EventCountry "ESP"]
[SourceTitle "EXT 2016"]
[Source "ChessBase"]
[SourceDate "2015.10.08"]
[SourceVersion "1"]
[SourceVersionDate "2015.10.08"]
[SourceQuality "1"]

1. d4 g6 2. Nf3 d6 3. e3 c6 4. Bd3 Bg7 5. 0-0 Bg4 6. Re1 Nf6 7. h3 Bd7 8. e4 b5 9. e5 dxe5 10. dxe5 Nd5 11. Nbd2 Na6 12. Nb3 0-0 13. c3 c5 14. c4 bxc4 15. Bxc4 Nac7 16. Qc2 Bf5 17. Qe2 Nb4 18. Rd1 Qc8 19. a3 Nba6 20. Be3 Qb7 21. Na5 Qc8 22. Nc6 Qe8 23. Na5 Qa4 24. Bd2 Nb8 25. b3 Qe8 26. g4 Be6 27. Bxe6 Nxe6 28. Ng5 Nd4 29. Qe4 Nd7 30. Rac1 h6 31. Nf3 Nxf3+ 32. Qxf3 Nxe5 33. Qd5 Rd8 34. Qxc5 Nf3+ 35. Kg2 Nxd2 36. Qe3 Qb5 37. Rxd2 Rxd2 38. Qxd2 Qe5 39. Nc6 Qe4+ 40. Kg1 Kh7 41. Nxa7 Qf3 42. Rc8 Rxc8 43. Nxc8 Qxh3 44. Qb4 Be5 45. f4 Qxg4+ 46. Kf1 Qf3+ 47. Kg1 Qd1+ 48. Kf2 Bd4+ 49. Kg2 Qe2+ 50. Kg3 Qf2+ 51. Kh3 Qf3+ 52. Kh2 Qxf4+ 53. Kg2 Qf2+ 54. Kh3 h5 55. Qb7 Qf5+ 56. Kg2 Qf2+ 57. Kh3 Be5 58. Qg2 Qf5+ 0-1

[Event "Collado Villalba op-B 32nd"]
[Site "Collado Villalba"]
[Date "2015.08.22"]
[Round "1"]
[White "Martinez Martinez, Antonio"]
[Black "Rodriguez del Moral, Angel"]
[Result "0-1"]
[WhiteElo "1580"]
[BlackElo "1797"]
[PlyCount "90"]
[EventDate "2015.08.22"]
[EventType "swiss"]
[EventRounds "9"]
[EventCountry "ESP"]
[SourceTitle "EXT 2016"]
[Source "ChessBase"]
[SourceDate "2015.10.08"]
[SourceVersion "1"]
[SourceVersionDate "2015.10.08"]
[SourceQuality "1"]

1. e4 c5 2. c4 Nc6 3. Nf3 e5 4. Nc3 g6 5. Be2 Bg7 6. d3 d6 7. Bg5 f6 8. Be3 Nge7 9. Qd2 Nd4 10. Bxd4 exd4 11. Nd1 Nc6 12. a3 a5 13. h3 0-0 14. 0-0 f5 15. exf5 Bxf5 16. Nh2 Ne5 17. f4 Bh6 18. g4 Qh4 19. Kg2 Bd7 20. Nf3 Bc6 21. g5 Bg7 22. fxe5 Bxe5 23. Qe1 Qxg5+ 24. Kh1 Qf4 25. Qf2 Rf5 26. Kg1 Qh6 27. h4 Raf8 28. Qg2 Kh8 29. Qh3 g5 30. Nxe5 Rxf1+ 31. Bxf1 dxe5 32. Nf2 gxh4 33. Re1 Rg8+ 34. Ng4 Qf4 35. Be2 Bd7 36. Rf1 Bxg4 37. Rxf4 Bxh3+ 38. Kh2 exf4 39. Kxh3 Rg3+ 40. Kxh4 Kg7 41. Bg4 Rxd3 42. Kg5 f3 43. Kf4 f2 44. Be2 Re3 45. Bf1 Kf6 0-1

[Event "Madrid-ch"]
[Site "Madrid"]
[Date "2012.11.13"]
[Round "6"]
[White "Martinez Martinez, Antonio"]
[Black "Correas Aguilera, Eufemio"]
[Result "1-0"]
[WhiteElo "1659"]
[BlackElo "1769"]
[PlyCount "85"]
[EventDate "2012.11.05"]
[EventType "swiss"]
[EventRounds "9"]
[EventCountry "ESP"]
[SourceTitle "CBM 151 Extra"]
[Source "ChessBase"]
[SourceDate "2012.12.18"]
[SourceVersion "1"]
[SourceVersionDate "2012.12.18"]
[SourceQuality "1"]

1. e4 d5 2. e5 c5 3. f4 Nc6 4. Bb5 Bd7 5. a4 a6 6. Be2 Bf5 7. h3 e6 8. Nf3 Be7 9. 0-0 g5 10. fxg5 Bxg5 11. d3 Bxc1 12. Qxc1 Nge7 13. Qe3 d4 14. Qf2 Rg8 15. g4 Qc7 16. Kh2 Nxe5 17. Nxe5 Qxe5+ 18. Kh1 Bg6 19. Nd2 0-0-0 20. Nc4 Qc7 21. a5 Nd5 22. Bf3 Kb8 23. Be4 Bxe4+ 24. dxe4 Nb4 25. Qxf7 Qxf7 26. Rxf7 Nxc2 27. Rd1 Rgf8 28. Rxh7 Rf4 29. e5 d3 30. Nd6 Rxd6 31. exd6 Rd4 32. Rh8+ Ka7 33. Rd8 Ne3 34. Rd2 Nc4 35. Rd1 d2 36. d7 Nxb2 37. Rxd2 Rxd2 38. g5 Nc4 39. g6 Rd1+ 40. Kh2 Rd2+ 41. Kg3 Nd6 42. Ra8+ Kxa8 43. d8Q+ 1-0

[Event "Madrid-ch"]
[Site "Madrid"]
[Date "2012.11.08"]
[Round "4"]
[White "Martinez Martinez, Antonio"]
[Black "Beekhof Harmsen, Willen"]
[Result "1-0"]
[WhiteElo "1659"]
[BlackElo "1762"]
[PlyCount "97"]
[EventDate "2012.11.05"]
[EventType "swiss"]
[EventRounds "9"]
[EventCountry "ESP"]
[SourceTitle "CBM 151 Extra"]
[Source "ChessBase"]
[SourceDate "2012.12.18"]
[SourceVersion "1"]
[SourceVersionDate "2012.12.18"]
[SourceQuality "1"]

1. e4 d6 2. Nf3 Bg4 3. Be2 g6 4. d4 Bg7 5. c3 Nf6 6. Nbd2 0-0 7. h3 Bxf3 8. Bxf3 c6 9. a4 Re8 10. Qb3 Qb6 11. Qc2 Nbd7 12. Nc4 Qc7 13. Bf4 b5 14. axb5 cxb5 15. Na5 Rac8 16. 0-0 Qb6 17. e5 dxe5 18. dxe5 Nh5 19. Bxh5 gxh5 20. Qf5 Nf8 21. Qxh5 Qg6 22. Qe2 Ne6 23. Bg3 b4 24. c4 Nd4 25. Qg4 Qxg4 26. hxg4 Ne2+ 27. Kh2 Nxg3 28. fxg3 Bxe5 29. Rfb1 Rcd8 30. Ra4 Rd3 31. Rxb4 Rxg3 32. Rb5 Bd6 33. Kh1 Rxg4 34. b4 Rb8 35. Rxb8+ Bxb8 36. c5 Rh4+ 37. Kg1 Be5 38. Kf2 f5 39. c6 Bd4+ 40. Ke2 Bb6 41. Kd3 Rd4+ 42. Kc3 Rd5 43. Kc4 Rd8 44. Re1 Kf7 45. Nb7 Rd4+ 46. Kc3 Kf6 47. Rh1 Kg6 48. Rh3 f4 49. Rh4 1-0

[Event "Madrid-ch"]
[Site "Madrid"]
[Date "2012.11.05"]
[Round "1"]
[White "Minguela Munoz, Bienvenido"]
[Black "Martinez Martinez, Antonio"]
[Result "1-0"]
[WhiteElo "1883"]
[BlackElo "1659"]
[PlyCount "89"]
[EventDate "2012.11.05"]
[EventType "swiss"]
[EventRounds "9"]
[EventCountry "ESP"]
[SourceTitle "CBM 151 Extra"]
[Source "ChessBase"]
[SourceDate "2012.12.18"]
[SourceVersion "1"]
[SourceVersionDate "2012.12.18"]
[SourceQuality "1"]

1. d4 g6 2. e4 d6 3. Nf3 c6 4. c4 Bg7 5. Nc3 Bg4 6. Be2 Bxf3 7. Bxf3 Qb6 8. d5 Qb4 9. Qd3 Nd7 10. a3 Ne5 11. axb4 Nxd3+ 12. Ke2 Nxb4 13. Be3 Bxc3 14. bxc3 Nc2 15. Rxa7 Rxa7 16. Bxa7 Na3 17. Bd4 f6 18. Kd3 cxd5 19. exd5 b5 20. cxb5 Nxb5 21. Bb6 Kd7 22. Ra1 Nh6 23. c4 Nc7 24. Ra7 Rc8 25. h4 Nf7 26. Bg4+ f5 27. Bh3 h5 28. Kd4 Nd8 29. f3 e6 30. g4 hxg4 31. fxg4 e5+ 32. Ke3 f4+ 33. Ke4 g5 34. hxg5 Nf7 35. Kf5 f3 36. Kf6 Ke8 37. g6 Nh6 38. Rxc7 Ng8+ 39. Ke6 Rxc7 40. Bxc7 e4 41. Bb6 Nh6 42. g5 Ng4 43. Bxg4 Kf8 44. Bf5 Kg7 45. Bxe4 1-0

[Event "Madrid Oliver Gonzalez Memorial-B 3rd"]
[Site "Madrid"]
[Date "2012.09.04"]
[Round "4"]
[White "Sanchez Lopez, Maria"]
[Black "Martinez Martinez, Antonio"]
[Result "1-0"]
[WhiteElo "1873"]
[BlackElo "1667"]
[PlyCount "63"]
[EventDate "2012.09.01"]
[EventType "swiss"]
[EventRounds "9"]
[EventCountry "ESP"]
[SourceTitle "CBM 150 Extra"]
[Source "ChessBase"]
[SourceDate "2012.10.19"]
[SourceVersion "1"]
[SourceVersionDate "2012.10.19"]
[SourceQuality "1"]

1. d4 g6 2. e4 d6 3. Nf3 c6 4. Nc3 Bg7 5. Bc4 Nf6 6. 0-0 b5 7. Bd3 b4 8. Ne2 0-0 9. h3 h6 10. c3 a5 11. Bf4 Bb7 12. Ng3 g5 13. Bd2 Ba6 14. c4 e6 15. Re1 Nbd7 16. e5 dxe5 17. dxe5 Ne8 18. Qe2 Nb6 19. Qe4 f5 20. exf6 Nxf6 21. Qxe6+ Kh8 22. Ne5 Qe8 23. Qf5 Kg8 24. Ng6 Qd8 25. Ne7+ Kh8 26. Ng6+ Kg8 27. Nxf8 Kxf8 28. b3 Kg8 29. Rad1 Qd6 30. Qg6 Rd8 31. Nf5 Qxd3 32. Qxg7# 1-0

[Event "Madrid Oliver Gonzalez Memorial 2nd"]
[Site "Madrid"]
[Date "2011.10.09"]
[Round "2"]
[White "Rodrigo Yanguas, Maria"]
[Black "Martinez Martinez, Antonio"]
[Result "1-0"]
[WhiteElo "2135"]
[BlackElo "1702"]
[PlyCount "77"]
[EventDate "2011.10.08"]
[EventType "swiss"]
[EventRounds "9"]
[EventCountry "ESP"]
[SourceTitle "CBM 144 Extra"]
[Source "ChessBase"]
[SourceDate "2011.10.28"]
[SourceVersion "1"]
[SourceVersionDate "2011.10.28"]
[SourceQuality "1"]

1. e4 g6 2. d4 d6 3. Be3 c6 4. Nc3 Bg7 5. Qd2 Nf6 6. Bh6 0-0 7. Nf3 Bg4 8. h4 Nbd7 9. Bxg7 Kxg7 10. Nh2 e5 11. f3 Be6 12. d5 cxd5 13. exd5 Nxd5 14. Nxd5 Qxh4+ 15. Kd1 Nc5 16. Be2 f5 17. g3 Qd8 18. Nf1 g5 19. Bc4 f4 20. Qh2 Bf5 21. Qh6+ Kh8 22. g4 Ne4 23. Rh2 Qd7 24. gxf5 Ng3 25. Nf6 Rxf6 26. Qxf6+ Qg7 27. Qxg7+ Kxg7 28. Nxg3 fxg3 29. Rg2 Rf8 30. Rxg3 Rxf5 31. Bd3 Rf4 32. Rxg5+ Kf6 33. Rf5+ Rxf5 34. Bxf5 Kxf5 35. Ke2 h5 36. Rd1 h4 37. Rxd6 Kg5 38. Kf2 h3 39. Kg3 1-0

[Event "Madrid Villaverde op 15th"]
[Site "Madrid"]
[Date "2011.06.22"]
[Round "3.12"]
[White "Lozano Sanchez, Jose Antonio"]
[Black "Martinez Martinez, Antonio"]
[Result "1-0"]
[WhiteElo "1894"]
[BlackElo "1726"]
[PlyCount "63"]
[EventDate "2011.06.20"]
[EventType "swiss"]
[EventRounds "8"]
[EventCountry "ESP"]
[SourceTitle "EXT 2024"]
[Source "ChessBase"]
[SourceDate "2023.10.10"]
[SourceVersion "1"]
[SourceVersionDate "2023.10.10"]
[SourceQuality "1"]

1. e4 g6 2. f4 c6 3. Nf3 d6 4. Bc4 e6 5. e5 d5 6. Bb3 f6 7. d4 c5 8. c3 Qa5 9. 0-0 Nc6 10. Be3 c4 11. Bc2 Qb6 12. b3 cxb3 13. axb3 Bg7 14. Qe2 Nge7 15. Nbd2 Bd7 16. c4 0-0-0 17. c5 Qc7 18. b4 a6 19. b5 axb5 20. Qxb5 Nb8 21. Qb2 Nec6 22. Nb3 Na6 23. Bd2 f5 24. Na5 Na7 25. Bd3 Bc6 26. Rfb1 Kd7 27. Nxb7 Rb8 28. Bxa6 Bxb7 29. Bxb7 Nc6 30. Qb5 Ke7 31. Qxc6 Qxc6 32. Bxc6 1-0